Organizacija upravlenija promyšlennym proizvodstvom voprosy teorii i praktiki
Salvato in:
| Autore principale: | |
|---|---|
| Natura: | Libro |
| Lingua: | russo |
| Pubblicazione: |
Kišinev
Štiinca
1984
|
| Tags: |
Nessun Tag, puoi essere il primo ad aggiungerne!!
|
MARC
| LEADER | 00000nam a2200000 4500 | ||
|---|---|---|---|
| 001 | c105816 | ||
| 005 | 20041019155135.5 | ||
| 041 | 0 | |a rus | |
| 044 | |a MD | ||
| 245 | 1 | 0 | |a Organizacija upravlenija promyšlennym proizvodstvom |b voprosy teorii i praktiki |c Izjaslav Samolovič Darachovskij |
| 264 | 1 | |a Kišinev |b Štiinca |c 1984 | |
| 300 | |a 192 s. | ||
| 100 | 1 | |a Darachovskij, Izjaslav Samolovič | |